00741nam a2200193 a 450000100100000000500170001000800410002702000150006804000250008308200150010810000240012324500320014725000110017926000580019030000210024859000750026995201860034499900170053000003544620200930074340.0111031s1973 sp 000 0 spa d a8471150654 aDO-SdBNPbspacBNPHU axxxxbxxxx1 aStoker, Bram96128610aDrácula / :bBram Stoker. a2a ed. aBarcelona, :bOrganización editorial novaro,c1973. a525 p. ;c17 cm. aPerteneció a la biblioteca personal de Juan Isidro Jimenes Grullón 001050718MOaGRbGRcHDd2011-10-31iLF1l0oxxxx xxxxp35446-10r2020-06-25w2020-06-25y1zPerteneció a la biblioteca personal de Juan Isidro Jimenes Grullón.ZNo se presta c34937d34937